[Event "Cartagena Iderbol Cup"]
[Site "Cartagena"]
[Date "2011.12.27"]
[Round "3.19"]
[White "Maldonado Barrera, Obeida Ros"]
[Black "Hernandez De la Hoz, Alvaro Jose"]
[Result "0-1"]
[WhiteElo "1498"]
[BlackElo "1604"]
[PlyCount "42"]
[EventDate "2011.12.26"]
[EventType "swiss"]
[EventRounds "7"]
[EventCountry "COL"]
[SourceTitle "EXT 2024"]
[Source "ChessBase"]
[SourceDate "2023.10.10"]
[SourceVersion "1"]
[SourceVersionDate "2023.10.10"]
[SourceQuality "1"]

1. e4 e5 2. Nf3 Nc6 3. Bc4 Bc5 4. c3 h6 5. d3 d6 6. Nbd2 Bg4 7. 0-0 Nge7 8. Re1 0-0 9. Nf1 Kh7 10. h3 Bxf3 11. Qxf3 f5 12. Ng3 fxe4 13. Qxe4+ Kh8 14. Be3 Bxe3 15. Qxe3 Qd7 16. d4 d5 17. Bb3 exd4 18. cxd4 Nf5 19. Nxf5 Qxf5 20. Rad1 a6 21. f3 Rf6 0-1

[Event "Cartagena Iderbol Cup"]
[Site "Cartagena"]
[Date "2011.12.27"]
[Round "4.14"]
[White "Villamil, Nahum Jose"]
[Black "Hernandez De la Hoz, Alvaro Jose"]
[Result "1-0"]
[WhiteElo "1845"]
[BlackElo "1604"]
[PlyCount "79"]
[EventDate "2011.12.26"]
[EventType "swiss"]
[EventRounds "7"]
[EventCountry "COL"]
[SourceTitle "EXT 2024"]
[Source "ChessBase"]
[SourceDate "2023.10.10"]
[SourceVersion "1"]
[SourceVersionDate "2023.10.10"]
[SourceQuality "1"]

1. e4 e5 2. Nf3 Nc6 3. Bb5 d6 4. h3 Bd7 5. 0-0 Nf6 6. Re1 Be7 7. c3 a6 8. Ba4 Qc8 9. d4 0-0 10. Nbd2 b5 11. Bb3 h6 12. Nf1 Kh8 13. Ng3 Nh7 14. Bc2 Bf6 15. Be3 Rb8 16. Qd2 Ne7 17. Nh5 Ng5 18. Nxg5 hxg5 19. Bxg5 Bxg5 20. Qxg5 Ng6 21. f4 Qd8 22. Qg3 Qh4 23. Qxh4 Nxh4 24. f5 g6 25. Nf6 Bc8 26. Rf1 Kg7 27. Nd5 gxf5 28. exf5 f6 29. g3 Kf7 30. Bb3 Nxf5 31. Ne3+ Ke7 32. Nxf5+ Bxf5 33. Rxf5 c5 34. dxc5 dxc5 35. Rd1 c4 36. Bc2 Rh8 37. Kg2 Rbg8 38. Rf2 Rg7 39. Rfd2 Rhg8 40. g4 1-0